|
|
|
|
| LEADER |
00590cam a2200193 a 4500 |
| 001 |
0000050526 |
| 005 |
20011025090000.0 |
| 040 |
|
|
|a mod
|
| 041 |
|
|
|a eng
|
| 020 |
0 |
0 |
|a 9831580621
|
| 090 |
0 |
0 |
|a 499.232076
|b AZI
|
| 100 |
0 |
0 |
|a Azizah Saliman
|
| 245 |
1 |
0 |
|a Bahasa Malaysia tingkatan 1, 2 dan 3
|c Azizah Saliman
|
| 260 |
0 |
0 |
|a Petaling Jaya
|b Preston Corp.
|c 2000
|
| 300 |
0 |
0 |
|a 210p.
|c 19cm
|
| 440 |
0 |
0 |
|a Cemerlang bestari PMR
|
| 650 |
0 |
0 |
|a Bahasa Malaysia
|x Examinations, questions, etc
|
| 650 |
0 |
0 |
|a Bahasa Malaysia
|x Exercises, etc
|
| 999 |
|
|
|a 0182485
|b KD Malaya
|d BOOKS
|e Umum
|f KD MALAYA
|j AVAILABLE
|q GOOD CONDITION
|